000 01558nam a2200301 i 4500
001 000026239
003 DO-SdBNP
005 20231011150214.0
007 ta
008 110307s1998 dr a 001 0 spa d
040 _aDO-SdBNP
_bspa
_cBNPHU
_erda
082 4 _a231.3
_bM516e
_222
100 1 _aMejía Vallejo, Fausto Ramón,
_920492
_eautor
245 1 3 _aEl espíritu santo y nosotros /
_cFausto Ramón Mejía Vallejo, José Salvador Mejía ; prólogo, Mateo Andrés, S.J.
264 _aSanto Domingo :
_bEdiciones MSC,
_c1998.
300 _a203 páginas :
_bilustraciones ;
_c22 cm.
336 _2rdacontent
_atexto
_btxt
337 _2rdamedia
_asin mediación
_bn
338 _2rdacarrier
_avolumen
_bnc
505 0 _aPrólogo /
_rMateo Andrés, S.J. --
_tEl Espíritu Santo en el Antiguo Testamento --
_tEl Espíritu Santo en el Nuevo Testamento --
_tJesús y El Espíritu Santo --
_tEl Espíritu Santo y la iglesia --
_tEl Espíritu Santo y la misión --
_tEl Espíritu Santo y los Sacramentos --
_tEl Espíritu Santo y los carismas --
_tLos dones del Espíritu Santo --
_tLos frutos del Espíritu Santo --
_tEl Espíritu Santo y los ministerios --
_tEl Espíritu Santo y el testimonio --
_tEl Espíritu Santo como guía y protagonista de la iglesia --
_tEl Espíritu Santo y María.
590 _aInventariado, 2018/BT
600 1 4 _aEspíritu Santo
_945729
650 4 _aTeología dogmática
_93542
700 1 _aMejía, José Salvador
_945731
700 1 _aAndrés, Mateo,
_eprólogo
_97205
910 _aValidado. Control de calidad. EMS
942 _2ddc
_cLBS1
999 _c25731
_d25731